01092 2200337 4500001002100000005001500021035002000036007000300056008004100059040002200100082001400122084001600136090001800152100003700170245010700207300004400314850001200358504003100370651003400401264005800435336002100493337003000514338002300544246007900567990001800646990001800664990001800682990001800700990001800718990001800736INLIS00000000086550320211019022941 a0010-1021000423ta211019s1956 yoia g f 0 0 ind d aYOPDYOGbinderda 223a361.3 a361.3 SUM i aL 361.3 SUM i0 aSumantri PraptokusumoePengarang1 aIsi, tudjuan dan kedudukan pekerdjaan sosial di Indonesia (tindjauan singkat) /cSumantri Praptokusumo a80 halaman :bilustrasi, bagan ;c21 cm aYOPDYOG aBibliografi: halaman 75-77 4aIndonesia--xPekerjaan Sosial31aJogjakarta :b[penerbit tidak teridentifikasi],c1956 2rdacontentateks 2rdamediaatanpa perantara 2rdacarrieravolume aIsi, tujuan dan kedudukan pekerjaan sosial di Indonesia (tinjauan singkat) a23764-PD/A.07 a37269-PD/A.08 a23764-PD/A.07 a61124-PD/A.18 a23764-PD/A.07 a37269-PD/A.08